000 00308nam a2200121Ia 4500
008 191201s2013 xx 000 0 und d
100 _aLAL, Jagdish
245 0 _aTheory of Mechanism and Machines
260 _aN. Delhi
_bMetropolitan book co
_c2013
300 _a975
650 _aB.Tech(ME)
942 _2ddc
_cBK
999 _c6199
_d6199